000 00318nam a2200133Ia 4500
005 20251222141759.0
008 251222s9999||||xx |||||||||||||| ||spa||
020 _a950-641-240-5
082 _a658.311.2/A42
100 _aAlicia Alles, Martha
245 0 _a200 Modelos de Curriculum
264 _bGranica
942 _cLIB
999 _c6094
_d6094